00331 a2200145 450000100060000002000150000604000240002110000180004524000340006324500290009730000070012636200090013344000120014265000310015469459 a8516028402 cAnchieta - Itaigara aMayhew, James10aÉrica e os girassóislpor10aÉrica e os girassóis a310 a2001 1aModerna 4aLiteratura infanto-juvenil